Quel sportif se cache derrière ce nom d'animal ? - Statistiques

Statistiques générales
  • Ce quiz a été pris 112 fois
  • Le résultat moyen est 5 sur 15
Statistiques - réponses
Animal Indice Sportif % Correct
La Pulga (La Puce) A enfin ramené la coupe à la maison en 2022 Lionel Messi
83%
Le Blaireau Remporte son premier Tour de France en 1978 Bernard Hinault
69%
La Gazelle La plus rapide en 1996 Marie-Jo Perec
49%
L'Aigle des Açores Portugais célèbre à Paris Pauleta
48%
La Panthère noire Son fils est demi d'ouverture au Stade Toulousain Emile Ntamack
43%
La Guêpe Ministre des sports en 2017-2018 Laura Flessel
41%
Black Mamba A porté le numéro 8, 24 et 33 Kobe Bryant
40%
Le Snake Débute en professionnel à Grenoble en 1985 Youri Djorkaeff
32%
La Pieuvre Champion du monde en 1998 Patrick Vieira
21%
Le Goret Deux victoires face à la Nouvelle-Zélande en 1994 Philippe Saint-André
10%
Le Tigre Champion du monde Junior de 1988 à 1991 Tiger Woods
8%
Le Squale Le plus grand nageur nîmois Yannick Agnel
8%
Le Pélican Il a été sélectionné 118 fois avec les Bleus Fabien Pelous
4%
El Conejo (Le Lapin) Termine sa carrière à River Plate Javier Saviola
4%
L'Araignée Noire Seul gardien Ballon d'Or Yev Lachine
1%
Aucun quiz correspondant
Distribution des résultats
% des personnes avec chaque résultat
Percentile par nombre de réponses
Votre historique - résultats
Vous n’avez pas pris ce quiz